| Tag |
First Indicator |
Second Indicator |
Subfields |
| LEADER |
00000cam a2200000 i 4500 |
| 001 |
in00003607064 |
| 005 |
20170928110454.0 |
| 008 |
151001t20152015ne a b 001 0 eng d |
| 020 |
|
|
|a 9789400763036
|q (hardcover)
|
| 020 |
|
|
|a 9400763034
|q (hardcover)
|
| 020 |
|
|
|z 9400763042
|q (electronic bk.)
|
| 020 |
|
|
|z 9789400763043
|q (electronic bk.)
|
| 020 |
|
|
|a 9400763069
|q (Cloth)
|
| 020 |
|
|
|a 9789400763067
|q (Cloth)
|
| 020 |
|
|
|a 9400763050
|q (Cloth)
|
| 020 |
|
|
|a 9789400763050
|q (Cloth)
|
| 035 |
|
|
|a (OCoLC)ocn922681228
|
| 040 |
|
|
|a ERASA
|e rda
|c ERASA
|d COO
|d YDX
|d CDX
|d NHM
|d UtOrBLW
|
| 049 |
|
|
|a TXAM
|
| 050 |
|
4 |
|a QE508
|b .E53 2015
|
| 082 |
0 |
|
|a 551.701
|
| 245 |
0 |
0 |
|a Encyclopedia of scientific dating methods /
|c edited by W. Jack Rink, Jeroen W. Thompson ; with associate editors, Larry M. Heaman, A. J. Timothy Jull, James B. Paces.
|
| 264 |
|
1 |
|a Dordrecht ;
|a New York :
|b Springer Reference,
|c [2015]
|
| 264 |
|
4 |
|c ©2015
|
| 300 |
|
|
|a xxv, 978 pages :
|b illustrations (some color) ;
|c 29 cm.
|
| 336 |
|
|
|a text
|b txt
|2 rdacontent
|
| 337 |
|
|
|a unmediated
|b n
|2 rdamedia
|
| 338 |
|
|
|a volume
|b nc
|2 rdacarrier
|
| 490 |
1 |
|
|a Encyclopedia of Earth Sciences Series
|
| 504 |
|
|
|a Includes bibliographical references and indexes.
|
| 520 |
|
|
|a This volume provides an overview of the physical and chemical foundations of dating methods and the applications of dating methods in the geological sciences, biology and archaeology, in almost 200 articles from over 200 international authors. It will serve as the most comprehensive treatise on widely accepted dating methods in the earth sciences and related fields. No other volume has a similar scope, in terms of methods and applications and particularly time range. Dating methods are used to determine the timing and rate of various processes, such as sedimentation (terrestrial and marine), tectonics, volcanism, geomorphological change, cooling rates, crystallization, fluid flow, glaciation, climate change and evolution. The volume includes applications in terrestrial and extraterrestrial settings, the burgeoning field of molecular-clock dating and topics in the intersection of earth sciences with forensics. The content covers a broad range of techniques and applications. All major accepted dating techniques are included, as well as all major datable materials.
|
| 650 |
|
0 |
|a Geochronometry
|v Encyclopedias.
|
| 650 |
|
0 |
|a Geological time
|v Encyclopedias.
|
| 650 |
|
0 |
|a Time measurements
|v Encyclopedias.
|
| 700 |
1 |
|
|a Rink, W. Jack,
|e editor.
|0 http://id.loc.gov/authorities/names/no2010164273
|
| 700 |
1 |
|
|a Thompson, Jeroen W.,
|e editor.
|0 http://id.loc.gov/authorities/names/nb2015018303
|
| 700 |
1 |
|
|a Heaman, Larry M.,
|e editor.
|0 http://id.loc.gov/authorities/names/nr91036124
|
| 700 |
1 |
|
|a Jull, A. J. Timothy,
|e editor.
|0 http://id.loc.gov/authorities/names/no2004066535
|
| 700 |
1 |
|
|a Paces, James B.,
|e editor.
|0 http://id.loc.gov/authorities/names/n88673529
|
| 830 |
|
0 |
|a Encyclopedia of earth sciences series (Springer (Firm))
|0 http://id.loc.gov/authorities/names/nr2005022095
|
| 945 |
|
|
|a PromptCat
|b 444575
|
| 946 |
|
|
|a stk
|
| 947 |
|
|
|a A14843350886
|
| 948 |
|
|
|a cataloged
|b h
|c 2016/1/11
|d c
|e dmitchel
|f 3:50:30 pm
|
| 994 |
|
|
|a C0
|b TXA
|
| 999 |
f |
f |
|s 63148120-2b0a-38d3-9a66-b7757e372c8e
|i 64e79615-0baf-3d60-8cae-7cedb97a90d3
|t 0
|
| 952 |
f |
f |
|p normal
|a Texas A&M University
|b College Station
|c Sterling C. Evans Library
|d Evans: Library Stacks
|t 0
|e QE508 .E53 2015
|h Library of Congress classification
|i unmediated -- volume
|m A14843350886
|
| 998 |
f |
f |
|a QE508 .E53 2015
|t 0
|l Evans: Library Stacks
|